00920nam a22001697a 4500003000400000005001700004008004100021020001800062040001000080080001800090245009500108260005800203300001100261520042900272651002400701700002500725OSt20251028160751.0240404s2022 ag ||||| |||| 00| 0 spa d a9789874872906 cbesoc 0004.738.5(82)00aArgentina en Internet :b 35 años de la creación del dominio .ar /cAndrea Ramos comp. aBuenos Aires :bSecretaría Legal y Técnica,c2022 a344 p. aLos textos que integran esta publicación recuperan hitos y aprendizajes, reúnen miradas de personas que dedican horas a explorar estas transformaciones y profundizar los debates más desafiantes, contienen datos duros y relatos que emocionan hasta las lágrimas. Hay lugar para la preocupación y para la risa. Nuestro deseo es encontrar respuestas, pero también que se multipliquen las preguntas. [Nota del editor] 4aArgentinaxInternet 1aRamos, Andreaecomp.